[Event "Winnipeg TNT 2018.05"]
[Site "Winnipeg CAN"]
[Date "2018.05.01"]
[Round "1"]
[White "Annakkage, Udaya"]
[Black "Wiebe, Isaac"]
[Result "0-1"]
[WhiteElo "1695"]
[BlackElo "2280"]
[PlyCount "58"]
[EventDate "2018.05.01"]
[EventType "swiss"]
[EventRounds "5"]
[EventCountry "CAN"]

1. e4 e6 2. d4 d5 3. exd5 exd5 4. c4 Nf6 5. Nf3 Bb4+ 6. Nc3 O-O 7. a3 Re8+ 8.
Be2 Bxc3+ 9. bxc3 dxc4 10. O-O b5 11. a4 Ne4 12. Qc2 Bf5 13. Qb2 c6 14. Be3 a6
15. Nd2 Nxd2 16. Qxd2 Nd7 17. axb5 cxb5 18. Rfe1 Nb6 19. Bf3 Be4 20. Bg5 Qd5
21. Bxe4 Rxe4 22. Rxe4 Qxe4 23. Re1 Qf5 24. Qe3 h6 25. Bh4 Nd5 26. Qd2 Qd3 27.
Qc1 Nxc3 28. Qb2 Na4 29. Qa1 c3 0-1

[Event "Winnipeg TNT 2018.05"]
[Site "Winnipeg CAN"]
[Date "2018.05.01"]
[Round "1"]
[White "Baron, Gustav"]
[Black "Goodman, Clifford"]
[Result "1-0"]
[WhiteElo "2233"]
[BlackElo "1680"]
[PlyCount "33"]
[EventDate "2018.05.01"]
[EventType "swiss"]
[EventRounds "5"]
[EventCountry "CAN"]

1. f4 g6 2. e4 c5 3. Nf3 Nc6 4. c3 d5 5. e5 Bg4 6. Na3 a6 7. Nc2 c4 8. Ne3 Bxf3
9. Qxf3 e6 10. Be2 h5 11. O-O Bc5 12. Kh1 b5 13. a4 b4 14. Nxc4 Nge7 15. Ne3 d4
16. Nc4 Nf5 17. Qxc6+ 1-0

[Event "Winnipeg TNT 2018.05"]
[Site "Winnipeg CAN"]
[Date "2018.05.01"]
[Round "1"]
[White "Boron, Anthony"]
[Black "Remillard, John"]
[Result "1-0"]
[WhiteElo "2024"]
[BlackElo "1596"]
[PlyCount "87"]
[EventDate "2018.05.01"]
[EventType "swiss"]
[EventRounds "5"]
[EventCountry "CAN"]

1. d4 e6 2. Bf4 Nf6 3. e3 c5 4. c3 cxd4 5. cxd4 Bb4+ 6. Nd2 Ne4 7. Ngf3 Qa5 8.
Bd3 Nxd2 9. Nxd2 Bxd2+ 10. Qxd2 Qxd2+ 11. Kxd2 O-O 12. Rac1 Nc6 13. Bd6 Re8 14.
f4 b6 15. g4 Bb7 16. Rhg1 Rac8 17. g5 Na5 18. b4 Rc6 19. bxa5 Rxd6 20. Rc7 Rb8
21. Rgc1 Rc6 22. Rxd7 Rxc1 23. Kxc1 bxa5 24. Rc7 Rc8 25. Rxc8+ Bxc8 26. Bb5 Kf8
27. Kb2 Ke7 28. Ka3 Kd6 29. Ka4 Kd5 30. Bd3 h6 31. h4 hxg5 32. hxg5 f6 33. gxf6
gxf6 34. Kxa5 e5 35. dxe5 fxe5 36. Ba6 exf4 37. Bxc8 fxe3 38. Bg4 Kc4 39. a4
Kd3 40. Ka6 e2 41. Bxe2+ Kxe2 42. Kxa7 Kd3 43. a5 Kc4 44. Kb6 1-0

[Event "Winnipeg TNT 2018.05"]
[Site "Winnipeg CAN"]
[Date "2018.05.01"]
[Round "1"]
[White "Chen, Jehoshua"]
[Black "Bince, Rolando"]
[Result "0-1"]
[WhiteElo "1513"]
[BlackElo "1970"]
[PlyCount "78"]
[EventDate "2018.05.01"]
[EventType "swiss"]
[EventRounds "5"]
[EventCountry "CAN"]

1. e4 Nf6 2. Nc3 d5 3. d3 dxe4 4. dxe4 Qxd1+ 5. Kxd1 Bd7 6. Bf4 c6 7. Nf3 Bg4
8. Be2 Nbd7 9. h3 Bxf3 10. Bxf3 O-O-O 11. Ke2 e6 12. e5 Nd5 13. Nxd5 cxd5 14.
Bg5 Re8 15. Rac1 Nxe5 16. Bf4 Nxf3 17. Kxf3 e5 18. Rhe1 Bd6 19. Be3 d4 20. Red1
Bc7 21. Bg5 f6 22. Bh4 g5 23. Bg3 f5 24. c3 e4+ 25. Ke2 d3+ 26. Ke1 f4 27. Bh2
Rd8 28. g3 e3 29. gxf4 d2+ 30. Ke2 dxc1=Q 31. Rxc1 Rd2+ 32. Kxe3 Rxb2 33. a4
gxf4+ 34. Bxf4 Re8+ 35. Kf3 Rf8 36. Re1 Rxf4+ 37. Kg2 Rfxf2+ 38. Kh1 Rg2 39.
Rf1 Rbf2 0-1

[Event "Winnipeg TNT 2018.05"]
[Site "Winnipeg CAN"]
[Date "2018.05.01"]
[Round "1"]
[White "Flynn, Darren"]
[Black "Proulx, Roy"]
[Result "0-1"]
[WhiteElo "1368"]
[BlackElo "1713"]
[PlyCount "70"]
[EventDate "2018.05.01"]
[EventType "swiss"]
[EventRounds "5"]
[EventCountry "CAN"]

1. e4 e6 2. b3 d5 3. Bb2 dxe4 4. Nc3 Nf6 5. d3 Bb4 6. a3 Bxc3+ 7. Bxc3 e3 8.
fxe3 O-O 9. Nf3 b6 10. Qd2 Bb7 11. O-O-O a5 12. d4 Ne4 13. Qe1 Qe7 14. Bb2 Nd7
15. Bd3 f5 16. h3 Ndf6 17. Ne5 Rfc8 18. g4 c5 19. Rg1 a4 20. Bc4 axb3 21. Bxb3
cxd4 22. exd4 Rxa3 23. Nc4 Rxb3 24. cxb3 b5 25. Qe2 Qb4 26. Qd3 bxc4 27. bxc4
Rxc4+ 28. Kb1 Nc3+ 29. Kc2 Be4 30. Ra1 Bxd3+ 31. Kxd3 Rxd4+ 32. Kc2 Nfe4 33.
Ra8+ Kf7 34. Rf1 Rd2+ 35. Kc1 Qxb2# 0-1

[Event "Winnipeg TNT 2018.05"]
[Site "Winnipeg CAN"]
[Date "2018.05.01"]
[Round "1"]
[White "Gannon, Keith"]
[Black "Wolchock, Theo"]
[Result "0-1"]
[WhiteElo "1552"]
[BlackElo "2016"]
[PlyCount "79"]
[EventDate "2018.05.01"]
[EventType "swiss"]
[EventRounds "5"]
[EventCountry "CAN"]

1. e4 e5 2. Nf3 Nc6 3. Bc4 Bc5 4. O-O Nf6 5. d3 h6 6. Nc3 d6 7. a3 a5 8. Nd5
O-O 9. c3 Bg4 10. Be3 Nxd5 11. exd5 Ne7 12. h3 Bh5 13. g4 Bxe3 14. fxe3 Bg6 15.
Nh4 Bh7 16. e4 Nxd5 17. Bxd5 Qxh4 18. Qf3 Bg6 19. Bxb7 Rab8 20. Bd5 Rxb2 21.
Rfb1 Rfb8 22. Rxb2 Rxb2 23. Rf1 Kh8 24. d4 Qg5 25. Rf2 Rxf2 26. Kxf2 exd4 27.
cxd4 Qd2+ 28. Kg3 Qxd4 29. h4 Qe5+ 30. Kh3 Qe8 31. h5 Bh7 32. Qxf7 Qxf7 33.
Bxf7 Bxe4 34. Kh4 Bh7 35. g5 hxg5+ 36. Kxg5 Bg8 37. Bxg8 Kxg8 38. h6 gxh6+ 39.
Kxh6 Kf8 40. Kg5 0-1

[Event "Winnipeg TNT 2018.05"]
[Site "Winnipeg CAN"]
[Date "2018.05.01"]
[Round "1"]
[White "Konara, Harshani"]
[Black "Marshall, Ken"]
[Result "1-0"]
[WhiteElo "1948"]
[BlackElo "1499"]
[PlyCount "57"]
[EventDate "2018.05.01"]
[EventType "swiss"]
[EventRounds "5"]
[EventCountry "CAN"]

1. c4 e5 2. Nc3 Nc6 3. g3 Nf6 4. d3 Bc5 5. Bg2 d6 6. e3 Bd7 7. Nge2 h6 8. a3 a6
9. O-O O-O 10. b4 Ba7 11. b5 axb5 12. Nxb5 Qc8 13. Re1 Ne7 14. Nec3 Bc6 15.
Nxa7 Rxa7 16. e4 b6 17. f4 Nd7 18. Nd5 Nxd5 19. cxd5 Bb7 20. Bh3 Qd8 21. Qf3
Nc5 22. fxe5 Re8 23. Bb2 Bc8 24. Bxc8 Qxc8 25. Rf1 Rf8 26. Rac1 g6 27. exd6 Qf5
28. Qe3 Qc8 29. Qxh6 1-0

[Event "Winnipeg TNT 2018.05"]
[Site "Winnipeg CAN"]
[Date "2018.05.01"]
[Round "1"]
[White "Le Dorze, Phil"]
[Black "Myrzaibraimova, Aibike"]
[Result "1-0"]
[WhiteElo "1822"]
[BlackElo "1470"]
[PlyCount "139"]
[EventDate "2018.05.01"]
[EventType "swiss"]
[EventRounds "5"]
[EventCountry "CAN"]

1. d4 d5 2. c4 e6 3. Nf3 Nf6 4. Bg5 Be7 5. Nc3 O-O 6. e3 Nc6 7. Bd3 h6 8. Bh4
b6 9. cxd5 Nxd5 10. Bxe7 Ndxe7 11. Rc1 Bb7 12. O-O Nd5 13. Bb1 Ba6 14. Re1 Re8
15. Nxd5 Qxd5 16. Qa4 Bb7 17. Nd2 f5 18. f3 a6 19. e4 Qxd4+ 20. Qxd4 Nxd4 21.
Rxc7 Bc6 22. exf5 exf5 23. Rce7 Rad8 24. Bd3 Rxe7 25. Rxe7 a5 26. Bc4+ Bd5 27.
Kf2 b5 28. Bxd5+ Rxd5 29. Ke3 Nc2+ 30. Ke2 f4 31. Ne4 Nd4+ 32. Ke1 b4 33. Rc7
b3 34. a3 Nc2+ 35. Ke2 Rd4 36. Nd2 a4 37. Rc4 Rxc4 38. Nxc4 Kf8 39. Nb6 Nxa3
40. Nxa4 Nc4 41. g3 fxg3 42. hxg3 Ke7 43. Kd3 Ne5+ 44. Ke4 Nc4 45. Kd4 Nd2 46.
f4 Nf3+ 47. Ke3 Ne1 48. Nc5 Nc2+ 49. Kd3 Nb4+ 50. Kc3 Na2+ 51. Kxb3 Nc1+ 52.
Kc4 Ne2 53. Ne4 Kd7 54. b4 Kc6 55. b5+ Kb6 56. Kb4 Nd4 57. Nc3 Nc2+ 58. Ka4 Nd4
59. Nd5+ Kb7 60. Ka5 Ne2 61. g4 Nd4 62. b6 Nc6+ 63. Kb5 Nd4+ 64. Kc5 Nb3+ 65.
Kd6 Nd4 66. Ke7 g5 67. f5 h5 68. f6 Nc6+ 69. Ke8 Ne5 70. gxh5 1-0

[Event "Winnipeg TNT 2018.05"]
[Site "Winnipeg CAN"]
[Date "2018.05.01"]
[Round "1"]
[White "Letain, Cory"]
[Black "Trueman, Francis"]
[Result "1-0"]
[WhiteElo "1721"]
[BlackElo "1414"]
[PlyCount "65"]
[EventDate "2018.05.01"]
[EventType "swiss"]
[EventRounds "5"]
[EventCountry "CAN"]

1. e4 d6 2. d4 Nd7 3. c4 e5 4. d5 Ngf6 5. Nc3 g6 6. Be2 Bg7 7. g4 O-O 8. g5 Ne8
9. h4 f6 10. Be3 fxg5 11. Bxg5 Bf6 12. Nf3 Bxg5 13. Nxg5 Qf6 14. Nf3 Qf4 15.
Qd2 Nc5 16. O-O-O Nd3+ 17. Bxd3 Qxf3 18. Be2 Qf7 19. h5 gxh5 20. Bxh5 Qf4 21.
Rdg1+ Kh8 22. Bg6 Nf6 23. Qxf4 exf4 24. Nb5 Bg4 25. Bxh7 Bf3 26. Rh3 Nxh7 27.
Rxf3 Rf7 28. Nd4 Rg8 29. Rxg8+ Kxg8 30. Ne6 Nf6 31. Rxf4 c5 32. a3 Kh7 33. Ng5+
1-0

[Event "Winnipeg TNT 2018.05"]
[Site "Winnipeg CAN"]
[Date "2018.05.01"]
[Round "1"]
[White "Magyar, Peter"]
[Black "Klokow, John"]
[Result "1/2-1/2"]
[WhiteElo "1464"]
[BlackElo "1774"]
[PlyCount "74"]
[EventDate "2018.05.01"]
[EventType "swiss"]
[EventRounds "5"]
[EventCountry "CAN"]

1. d4 Nf6 2. Bf4 g6 3. e3 Bg7 4. Be2 c5 5. c3 cxd4 6. cxd4 O-O 7. Nd2 d6 8. h3
Bd7 9. Ngf3 Bc6 10. Rc1 Nbd7 11. O-O Rc8 12. Kh1 Nb6 13. b3 Qd7 14. a4 Ne4 15.
a5 Nxd2 16. Qxd2 Nd5 17. Bh2 Nf6 18. Qd1 Bb5 19. Bc4 d5 20. Ne5 Qe8 21. Bxb5
Qxb5 22. Qd2 Ne4 23. Qa2 Rc3 24. Qa3 Re8 25. Qa4 Rxb3 26. Qxb5 Rxb5 27. Rc7 h5
28. a6 Nd6 29. axb7 Rxb7 30. Rfc1 Bf6 31. Nd7 Rxc7 32. Rxc7 Ne4 33. Kg1 Ra8 34.
Nc5 a5 35. Na4 Nd2 36. Rb7 Nc4 37. Bc7 Kf8 1/2-1/2

[Event "Winnipeg TNT 2018.05"]
[Site "Winnipeg CAN"]
[Date "2018.05.01"]
[Round "1"]
[White "Marshall, Carter"]
[Black "Prince, Colin"]
[Result "0-1"]
[WhiteElo "1493"]
[BlackElo "1857"]
[PlyCount "172"]
[EventDate "2018.05.01"]
[EventType "swiss"]
[EventRounds "5"]
[EventCountry "CAN"]

1. c4 Nf6 2. Nc3 e5 3. d3 Bc5 4. Nf3 d6 5. Bg5 c6 6. Qd2 Nbd7 7. e4 h6 8. Bh4
a5 9. h3 a4 10. a3 Nf8 11. Be2 Ng6 12. g4 Qb6 13. Rf1 Nf4 14. O-O-O Nxh3 15.
Bg3 Nxg4 16. d4 exd4 17. Nxd4 h5 18. e5 dxe5 19. Bxg4 Bxg4 20. Bxe5 Bxd1 21.
Bxg7 O-O-O 22. Rxd1 Bxd4 23. Bxh8 Bxh8 24. Nxa4 Rxd2 25. Nxb6+ Kc7 26. Rxd2
Kxb6 27. Rd7 Nxf2 28. Rxf7 Nd3+ 29. Kc2 Nxb2 30. Rh7 Bf6 31. Rxh5 Nxc4 32. Kb3
Ne3 33. a4 Nd5 34. Rh7 Be7 35. Kc4 Bd6 36. Rh1 Ka5 37. Rb1 Nb6+ 38. Kd4 Bc7 39.
Rh1 Nxa4 40. Rh7 Kb6 41. Kc4 Nc5 42. Rh5 Nd7 43. Rh7 Nf6 44. Rh1 Nd5 45. Rb1+
Ka7 46. Ra1+ Kb8 47. Rb1 b5+ 48. Rxb5+ Nb6+ 49. Kc5 cxb5 50. Kxb5 Kb7 51. Kc5
Bh2 52. Kd4 Kc6 53. Ke4 Kd6 54. Kd4 Be5+ 55. Ke4 Ke6 56. Kf3 Kf5 57. Ke3 Bf6
58. Kf3 Nd5 59. Ke2 Ke4 60. Kf2 Bd4+ 61. Kg2 Be5 62. Kf2 Nf4 63. Kg3 Bd6 64.
Kf2 Nd3+ 65. Kg1 Kf3 66. Kh1 Kg3 67. Kg1 Nf2 68. Kf1 Kf3 69. Kg1 Bg3 70. Kf1
Bh2 71. Ke1 Ne4 72. Kf1 Nd2+ 73. Ke1 Ke3 74. Kd1 Kd3 75. Ke1 Bg3+ 76. Kd1 Ne4
77. Kc1 Be5 78. Kd1 Bc3 79. Kc1 Nd2 80. Kd1 Nc4 81. Kc1 Bd2+ 82. Kb1 Kc3 83.
Ka2 Kc2 84. Ka1 Kb3 85. Kb1 Na3+ 86. Ka1 Bc3# 0-1

[Event "Winnipeg TNT 2018.05"]
[Site "Winnipeg CAN"]
[Date "2018.05.01"]
[Round "1"]
[White "Rutter, Blair"]
[Black "Furda, Ievgeniia-Diana"]
[Result "1-0"]
[WhiteElo "1973"]
[BlackElo "1530"]
[PlyCount "79"]
[EventDate "2018.05.01"]
[EventType "swiss"]
[EventRounds "5"]
[EventCountry "CAN"]

1. c4 Nf6 2. g3 g6 3. Bg2 Nc6 4. Nc3 Bg7 5. e4 d6 6. Nge2 e5 7. d3 Be6 8. O-O
Qd7 9. f3 O-O-O 10. Be3 h5 11. Bg5 Rde8 12. Nd5 Nh7 13. Be3 f5 14. f4 Bh6 15.
b4 Nf6 16. b5 Ne7 17. Qa4 a6 18. Nxe7+ Qxe7 19. bxa6 bxa6 20. Qxa6+ Kd7 21.
exf5 Bxf5 22. Qc6+ Ke6 23. Rae1 Kf7 24. Nc3 Bd7 25. Qxc7 Rc8 26. Qb7 Rb8 27.
Qf3 Kg7 28. fxe5 Bxe3+ 29. Rxe3 Ng4 30. Nd5 Qf8 31. Qxf8+ Rhxf8 32. Rxf8 Rxf8
33. Rf3 Rxf3 34. Bxf3 Nxe5 35. Be2 Bf5 36. d4 Nc6 37. a4 Nxd4 38. Kf2 Nc6 39.
Ke3 Kf7 40. Bd3 1-0

[Event "Winnipeg TNT 2018.05"]
[Site "Winnipeg CAN"]
[Date "2018.05.01"]
[Round "1"]
[White "Skop, Mike"]
[Black "Babb, Jeff"]
[Result "0-1"]
[WhiteElo "1670"]
[BlackElo "2219"]
[PlyCount "52"]
[EventDate "2018.05.01"]
[EventType "swiss"]
[EventRounds "5"]
[EventCountry "CAN"]

1. e4 e5 2. d4 exd4 3. c3 dxc3 4. Bc4 cxb2 5. Bxb2 d5 6. exd5 Nf6 7. Nc3 Bd6 8.
Nge2 O-O 9. O-O Nbd7 10. Nb5 Ne5 11. Nxd6 Qxd6 12. Qb3 Nfg4 13. Ng3 Nxc4 14.
Qxc4 f6 15. Rac1 Rd8 16. Rfd1 Bd7 17. Qb3 Qb6 18. Rxc7 Qxf2+ 19. Kh1 Qb6 20.
Qxb6 axb6 21. Rxb7 Nf2+ 22. Kg1 Nxd1 23. Bd4 Bc8 24. Rxb6 Rxd5 25. Bxf6 gxf6
26. Rxf6 Rxa2 0-1

[Event "Winnipeg TNT 2018.05"]
[Site "Winnipeg CAN"]
[Date "2018.05.08"]
[Round "2"]
[White "Babb, Jeff"]
[Black "Le Dorze, Phil"]
[Result "1-0"]
[WhiteElo "2219"]
[BlackElo "1822"]
[PlyCount "69"]
[EventDate "2018.05.01"]
[EventType "swiss"]
[EventRounds "5"]
[EventCountry "CAN"]

1. e4 d5 2. exd5 Qxd5 3. Nc3 Qd8 4. d4 e6 5. Nf3 Nf6 6. Be2 Be7 7. O-O Nbd7 8.
Bf4 a6 9. h3 O-O 10. Qd2 Nb6 11. a3 c5 12. dxc5 Qxd2 13. Nxd2 Bxc5 14. Nde4
Nbd5 15. Nxf6+ Nxf6 16. Rad1 Bd7 17. Bf3 Bc6 18. Bxc6 bxc6 19. Bd6 Bxd6 20.
Rxd6 Rac8 21. Rfd1 Nd5 22. Na4 g5 23. c4 Nf6 24. f3 Ne8 25. Rd7 c5 26. Ra7 Rc6
27. Rdd7 Nd6 28. Rdc7 Rc8 29. Rxc6 Rxc6 30. b3 Kg7 31. Kf2 Kg6 32. Rd7 h5 33.
Nxc5 Nxc4 34. Nd3 Rd6 35. bxc4 1-0

[Event "Winnipeg TNT 2018.05"]
[Site "Winnipeg CAN"]
[Date "2018.05.08"]
[Round "2"]
[White "Bince, Rolando"]
[Black "Baron, Gustav"]
[Result "0-1"]
[WhiteElo "1970"]
[BlackElo "2233"]
[PlyCount "112"]
[EventDate "2018.05.01"]
[EventType "swiss"]
[EventRounds "5"]
[EventCountry "CAN"]

1. d4 Nf6 2. c4 g6 3. Nc3 d5 4. Nf3 Bg7 5. cxd5 Nxd5 6. e4 Nxc3 7. bxc3 c5 8.
Bb5+ Bd7 9. Bxd7+ Nxd7 10. O-O O-O 11. Rb1 b6 12. Qa4 Qc7 13. Bg5 e6 14. Be7
Rfe8 15. Bh4 a6 16. e5 b5 17. Qd1 Bf8 18. Qd2 Nb6 19. Qg5 h6 20. Qc1 Rec8 21.
Nd2 Qb7 22. Qe1 Be7 23. Bxe7 Qxe7 24. Ne4 cxd4 25. cxd4 Nc4 26. Rb3 Rd8 27.
Nf6+ Kg7 28. Rd3 Rac8 29. Qe4 Rh8 30. h4 h5 31. f4 Nd6 32. exd6 Qxf6 33. Qe5
Rhd8 34. Rfd1 Rc6 35. f5 exf5 36. d7 Rxd7 37. g3 Rcd6 38. Qxf6+ Kxf6 39. Kf2
Rc7 40. R1d2 Rd5 41. Kf3 Rc1 42. Ra3 Rc6 43. Rad3 Ke6 44. Re2+ Kd6 45. Re8 Rc4
46. Ra3 Kd7 47. Rae3 Rdxd4 48. R3e7+ Kc6 49. Rxf7 Rd3+ 50. Kg2 Rd6 51. Rb8 Rc2+
52. Kf3 Rxa2 53. Rfb7 Ra4 54. Ke3 Ra3+ 55. Kf2 Rd2+ 56. Ke1 Rh2 0-1

[Event "Winnipeg TNT 2018.05"]
[Site "Winnipeg CAN"]
[Date "2018.05.08"]
[Round "2"]
[White "Furda, Ievgeniia-Diana"]
[Black "Mandusic, Ante"]
[Result "1-0"]
[WhiteElo "1530"]
[BlackElo "1183"]
[PlyCount "59"]
[EventDate "2018.05.01"]
[EventType "swiss"]
[EventRounds "5"]
[EventCountry "CAN"]

1. e4 e5 2. Nf3 Nc6 3. d4 d6 4. d5 Nce7 5. Nc3 g6 6. Bg5 Bg7 7. Be2 Nf6 8. Qd2
O-O 9. O-O-O c6 10. Kb1 c5 11. h3 b6 12. Bh6 a6 13. h4 Bg4 14. Bxg7 Kxg7 15.
Nh2 Bxe2 16. Qxe2 Qd7 17. Rhg1 b5 18. Qf3 b4 19. Ne2 a5 20. g4 Rh8 21. g5 Nh5
22. Ng3 Nxg3 23. Rxg3 Raf8 24. Qf6+ Kg8 25. Ng4 h6 26. Nxh6+ Kh7 27. Rh1 Ng8
28. Nxg8 Rfxg8 29. h5 Qd8 30. hxg6# 1-0

[Event "Winnipeg TNT 2018.05"]
[Site "Winnipeg CAN"]
[Date "2018.05.08"]
[Round "2"]
[White "Marshall, Ken"]
[Black "Annakkage, Udaya"]
[Result "0-1"]
[WhiteElo "1470"]
[BlackElo "1670"]
[PlyCount "48"]
[EventDate "2018.05.01"]
[EventType "swiss"]
[EventRounds "5"]
[EventCountry "CAN"]

1. e4 Nf6 2. e5 Nd5 3. d4 d6 4. c4 Nb6 5. Nf3 Bg4 6. Nc3 Nc6 7. c5 dxc5 8. dxc5
Nd7 9. Be2 Nxc5 10. O-O e6 11. Be3 Be7 12. Qxd8+ Rxd8 13. Rad1 O-O 14. Nd4 Nxe5
15. Bxg4 Nxg4 16. Ncb5 c6 17. Nc3 Nxe3 18. fxe3 Bg5 19. Rde1 Bxe3+ 20. Rxe3
Rxd4 21. Nd1 Rfd8 22. Ree1 Rd2 23. a3 Nd3 24. Ne3 Nxe1 0-1

[Event "Winnipeg TNT 2018.05"]
[Site "Winnipeg CAN"]
[Date "2018.05.08"]
[Round "2"]
[White "Myrzaibraimova, Aibike"]
[Black "Skop, Mike"]
[Result "0-1"]
[WhiteElo "1470"]
[BlackElo "1670"]
[PlyCount "64"]
[EventDate "2018.05.01"]
[EventType "swiss"]
[EventRounds "5"]
[EventCountry "CAN"]

1. e4 c6 2. d4 Na6 3. Nf3 Nc7 4. Bf4 g6 5. Nbd2 f6 6. Bd3 Nh6 7. h3 Nf7 8. O-O
Bg7 9. Re1 e5 10. Be3 d6 11. c3 O-O 12. Qb3 Be6 13. c4 b5 14. d5 bxc4 15. Bxc4
cxd5 16. exd5 Bd7 17. Rab1 f5 18. Nf1 f4 19. Bd2 Rb8 20. Qc3 Ng5 21. Nxg5 Qxg5
22. Nh2 e4 23. Qa3 e3 24. fxe3 Bxh3 25. Re2 f3 26. Nxf3 Rxf3 27. Bd3 Re8 28.
Qxd6 Rg3 29. Qxg3 Qxg3 30. Rf1 Be5 31. Rff2 Qh2+ 32. Kf1 Qh1# 0-1

[Event "Winnipeg TNT 2018.05"]
[Site "Winnipeg CAN"]
[Date "2018.05.08"]
[Round "2"]
[White "Prince, Colin"]
[Black "Rutter, Blair"]
[Result "0-1"]
[WhiteElo "1857"]
[BlackElo "1973"]
[PlyCount "66"]
[EventDate "2018.05.01"]
[EventType "swiss"]
[EventRounds "5"]
[EventCountry "CAN"]

1. e4 e5 2. Nf3 d6 3. d4 Nc6 4. d5 Nce7 5. c4 Ng6 6. Nc3 Be7 7. Be2 Nf6 8. h4
h5 9. Ng5 Bd7 10. g3 a6 11. f4 exf4 12. gxf4 Bg4 13. Be3 Qc8 14. Qd3 Bxe2 15.
Nxe2 Ng4 16. Bd4 O-O 17. Kd2 c5 18. Bc3 Nf2 19. Qf3 Nxh1 20. Rxh1 Qg4 21. Qxg4
hxg4 22. h5 Nxf4 23. h6 Bxg5 24. hxg7 Nh5+ 25. Kc2 Nxg7 26. Rg1 f6 27. Rxg4
Rae8 28. Ng3 Re7 29. Kd3 b5 30. b3 Kf7 31. Nh1 Rh8 32. Nf2 Rh2 33. Be1 Nh5 0-1

[Event "Winnipeg TNT 2018.05"]
[Site "Winnipeg CAN"]
[Date "2018.05.08"]
[Round "2"]
[White "Proulx, Roy"]
[Black "Magyar, Peter"]
[Result "0-1"]
[WhiteElo "1713"]
[BlackElo "1464"]
[PlyCount "66"]
[EventDate "2018.05.01"]
[EventType "swiss"]
[EventRounds "5"]
[EventCountry "CAN"]

1. e4 e6 2. d4 d5 3. e5 c5 4. c3 Nc6 5. Nf3 cxd4 6. cxd4 Bb4+ 7. Bd2 Nge7 8.
Bd3 h6 9. O-O Bxd2 10. Nbxd2 O-O 11. Rc1 Nf5 12. Nb3 Kh8 13. Bb1 Nce7 14. Qd3
Ng6 15. Rc3 b6 16. Rfc1 a5 17. Rc7 Ba6 18. Qd2 Bc4 19. R7xc4 dxc4 20. Rxc4 Rc8
21. Rxc8 Qxc8 22. g4 Nfe7 23. g5 h5 24. Qd3 Nd5 25. Nh4 Ndf4 26. Nxg6+ fxg6 27.
Qe4 a4 28. Nd2 Qc1+ 29. Nf1 Rf5 30. h4 Nh3+ 31. Kg2 Rxf2+ 32. Kxh3 Qxf1+ 33.
Kg3 Qg1+ 0-1

[Event "Winnipeg TNT 2018.05"]
[Site "Winnipeg CAN"]
[Date "2018.05.08"]
[Round "2"]
[White "Remillard, John"]
[Black "Marshall, Carter"]
[Result "1/2-1/2"]
[WhiteElo "1596"]
[BlackElo "1493"]
[PlyCount "77"]
[EventDate "2018.05.01"]
[EventType "swiss"]
[EventRounds "5"]
[EventCountry "CAN"]

1. f4 d5 2. Nf3 Nc6 3. e3 Nf6 4. Bb5 Bd7 5. O-O a6 6. Ba4 b5 7. Bb3 e6 8. a4
Nb4 9. Ne5 bxa4 10. Nxd7 axb3 11. Nxf6+ Qxf6 12. c3 Nd3 13. Qe2 Nc5 14. d4 Ne4
15. Rxa6 Rxa6 16. Qxa6 Bd6 17. Qc8+ Qd8 18. Qxd8+ Kxd8 19. f5 e5 20. Nd2 Nxd2
21. Bxd2 e4 22. Ra1 Kd7 23. Be1 g5 24. Bg3 Bxg3 25. hxg3 Rb8 26. Kh2 h5 27. Kh3
Kc6 28. g4 h4 29. g3 hxg3 30. Kxg3 f6 31. Ra6+ Rb6 32. Ra5 Rb5 33. Ra6+ Rb6 34.
Ra5 Rb5 35. Ra6+ Kb7 36. Rxf6 Ra5 37. Rh6 Ra2 38. Rh2 Kc6 39. Re2 1/2-1/2

[Event "Winnipeg TNT 2018.05"]
[Site "Winnipeg CAN"]
[Date "2018.05.08"]
[Round "2"]
[White "Trueman, Francis"]
[Black "Gannon, Keith"]
[Result "1/2-1/2"]
[WhiteElo "1414"]
[BlackElo "1552"]
[PlyCount "123"]
[EventDate "2018.05.01"]
[EventType "swiss"]
[EventRounds "5"]
[EventCountry "CAN"]

1. e4 e5 2. Nf3 d6 3. d3 Nf6 4. Nbd2 Be7 5. g3 O-O 6. Bg2 Nc6 7. O-O Bd7 8. Re1
Re8 9. Qe2 Nd4 10. Nxd4 exd4 11. a4 Rb8 12. Nf3 Bg4 13. Bf4 Nd7 14. h3 Bxf3 15.
Bxf3 Bg5 16. Bxg5 Qxg5 17. Bg2 d5 18. h4 Qd8 19. f3 c5 20. Qf2 dxe4 21. fxe4
Qf6 22. Qxf6 Nxf6 23. Bf3 Re5 24. Kh2 h5 25. Kh3 g6 26. Rg1 b6 27. Raf1 Nh7 28.
Be2 f5 29. Bf3 fxe4 30. Bxe4 Kg7 31. g4 hxg4+ 32. Rxg4 Re6 33. Rfg1 Nf8 34. h5
Rd8 35. hxg6 Rdd6 36. Bf5 Rf6 37. Be4 Nxg6 38. Rg5 Kh6 39. Bxg6 Rxg6 40. R5g3
Rxg3+ 41. Rxg3 Kh7 42. Kg2 Re6 43. Kf2 Rf6+ 44. Rf3 Rh6 45. Kg2 Kg7 46. Rf1 Re6
47. Kf2 a6 48. Re1 Rf6+ 49. Ke2 Re6+ 50. Kd2 Rxe1 51. Kxe1 Kf6 52. Kd2 Ke5 53.
c4 dxc3+ 54. bxc3 b5 55. axb5 axb5 56. Kc2 Kd5 57. Kb3 Kd6 58. Kc2 Kd5 59. Kb3
Ke5 60. d4+ cxd4 61. cxd4+ Kxd4 62. Kb4 1/2-1/2

[Event "Winnipeg TNT 2018.05"]
[Site "Winnipeg CAN"]
[Date "2018.05.08"]
[Round "2"]
[White "Wiebe, Isaac"]
[Black "Konara, Harshani"]
[Result "1/2-1/2"]
[WhiteElo "2280"]
[BlackElo "1948"]
[PlyCount "20"]
[EventDate "2018.05.01"]
[EventType "swiss"]
[EventRounds "5"]
[EventCountry "CAN"]

1. d4 Nf6 2. Nc3 e6 3. e4 Bb4 4. e5 Nd5 5. Qg4 Nxc3 6. a3 Bf8 7. bxc3 d6 8. Nf3
Nc6 9. Bd3 dxe5 10. dxe5 Bd7 {Drawn  after  approx  moves} 1/2-1/2

[Event "Winnipeg TNT 2018.05"]
[Site "Winnipeg CAN"]
[Date "2018.05.08"]
[Round "2"]
[White "Wolchock, Theo"]
[Black "Letain, Cory"]
[Result "1-0"]
[WhiteElo "2016"]
[BlackElo "1721"]
[PlyCount "35"]
[EventDate "2018.05.01"]
[EventType "swiss"]
[EventRounds "5"]
[EventCountry "CAN"]

1. e4 e5 2. Nc3 Nc6 3. Bc4 Bc5 4. Qg4 Qf6 5. Nd5 Bxf2+ 6. Kd1 Qg6 7. Qxg6 hxg6
8. Nxc7+ Kd8 9. Nxa8 d6 10. c3 Bxg1 11. Rxg1 Rxh2 12. Bxf7 Nf6 13. d3 Bg4+ 14.
Ke1 Bh5 15. Bg5 Kc8 16. Bxf6 gxf6 17. Be6+ Kb8 18. g4 1-0

[Event "Winnipeg TNT 2018.05"]
[Site "Winnipeg CAN"]
[Date "2018.05.15"]
[Round "3"]
[White "Annakkage, Udaya"]
[Black "Prince, Colin"]
[Result "1/2-1/2"]
[WhiteElo "1695"]
[BlackElo "1857"]
[PlyCount "64"]
[EventDate "2018.05.01"]
[EventType "swiss"]
[EventRounds "5"]
[EventCountry "CAN"]

1. e4 e5 2. Nf3 Nc6 3. Bb5 a6 4. Ba4 Nf6 5. d3 Bc5 6. O-O d6 7. c3 Bg4 8. Be3
b5 9. Bc2 O-O 10. Nbd2 Bb6 11. Re1 Rb8 12. Nf1 d5 13. Bxb6 Rxb6 14. exd5 Nxd5
15. h3 Bh5 16. Ng3 Bxf3 17. Qxf3 Nf4 18. d4 Qf6 19. Nh5 Nxh5 20. Qxh5 g6 21.
dxe5 Qg7 22. Qg5 Nd8 23. Bb3 c5 24. Bd5 h6 25. Qe3 Ne6 26. Bxe6 Rxe6 27. Qxc5
Rfe8 28. f4 g5 29. f5 Rxe5 30. Rxe5 Qxe5 31. Qxe5 Rxe5 32. Rf1 h5 1/2-1/2

[Event "Winnipeg TNT 2018.05"]
[Site "Winnipeg CAN"]
[Date "2018.05.15"]
[Round "3"]
[White "Baron, Gustav"]
[Black "Wolchock, Theo"]
[Result "1-0"]
[WhiteElo "2233"]
[BlackElo "2016"]
[PlyCount "81"]
[EventDate "2018.05.01"]
[EventType "swiss"]
[EventRounds "5"]
[EventCountry "CAN"]

1. e4 Nc6 2. Nf3 e5 3. Bb5 g6 4. O-O Bg7 5. c3 a6 6. Ba4 d6 7. h3 Nf6 8. Re1
O-O 9. d4 b5 10. Bc2 Bb7 11. d5 Ne7 12. a4 bxa4 13. Rxa4 Nd7 14. b4 Nb6 15. Ra1
h6 16. Qe2 f5 17. c4 Nd7 18. Nbd2 Nf6 19. Bb2 Nh5 20. g3 f4 21. Kh2 Bc8 22. Nh4
fxg3+ 23. fxg3 Nxg3 24. Kxg3 Nxd5 25. Nxg6 Nf4 26. Nxf4 exf4+ 27. Kh2 Bxb2 28.
Rg1+ Bg7 29. Qh5 Qf6 30. Rxg7+ Qxg7 31. Rg1 Qxg1+ 32. Kxg1 Rf7 33. Kf2 Rb8 34.
b5 axb5 35. cxb5 Re7 36. Bb3+ Kf8 37. Qxh6+ Ke8 38. Bd5 Re5 39. Qg6+ Ke7 40.
Qf7+ Kd8 41. Bc6 1-0